[Event "Ostersund Jamt Cup"]
[Site "Ostersund"]
[Date "2019.12.26"]
[Round "2"]
[White "Edler, Olof"]
[Black "Puleshi, Denis"]
[Result "0-1"]
[WhiteElo "1722"]
[BlackElo "1994"]
[PlyCount "78"]
[EventDate "2019.12.26"]
[EventType "swiss"]
[EventRounds "7"]
[EventCountry "SWE"]
[SourceTitle "CBM 194 Extra"]
[Source "ChessBase"]
[SourceDate "2020.03.31"]
[SourceVersion "1"]
[SourceVersionDate "2020.03.31"]
[SourceQuality "1"]

1. e4 c5 2. Nf3 Nc6 3. d4 cxd4 4. Nxd4 a6 5. c4 e6 6. Nc3 Bc5 7. Be3 Ba7 8. b3 Nf6 9. Bd3 d6 10. Nf3 Bxe3 11. fxe3 0-0 12. 0-0 Qb6 13. Qd2 Ne5 14. h3 Bd7 15. Bc2 Rad8 16. Rad1 Bc6 17. Nd4 Rfe8 18. a4 Qc5 19. Nde2 Ng6 20. Nf4 Qe5 21. Qd4 Qg5 22. Nxg6 hxg6 23. Rde1 d5 24. Qc5 Qe5 25. Rf2 Qxc3 26. e5 Qxe1+ 27. Rf1 Qc3 28. Bd1 Qxe5 29. Bf3 Ne4 30. Bxe4 Qxe4 31. Rf4 Qb1+ 32. Rf1 Qxb3 33. Kh2 Qxc4 34. Qa3 Qxf1 35. Qb2 d4 36. exd4 Rd5 37. Qd2 Rf5 38. Kg3 Bxg2 39. Qxg2 Qf4# 0-1

[Event "Ostersund Jamt Cup"]
[Site "Ostersund"]
[Date "2019.12.26"]
[Round "6"]
[White "Johansson, Henrik"]
[Black "Puleshi, Denis"]
[Result "0-1"]
[WhiteElo "1674"]
[BlackElo "1994"]
[PlyCount "36"]
[EventDate "2019.12.26"]
[EventType "swiss"]
[EventRounds "7"]
[EventCountry "SWE"]
[SourceTitle "CBM 194 Extra"]
[Source "ChessBase"]
[SourceDate "2020.03.31"]
[SourceVersion "1"]
[SourceVersionDate "2020.03.31"]
[SourceQuality "1"]

1. d4 d5 2. Nf3 Nf6 3. e3 e6 4. Bd3 c5 5. b3 Be7 6. Bb2 0-0 7. Nbd2 Nc6 8. a3 b6 9. 0-0 Bb7 10. Ne5 Qc7 11. f4 Rac8 12. Rf3 Nxe5 13. fxe5 Ne4 14. Rh3 g6 15. Bxe4 dxe4 16. Qg4 cxd4 17. Bxd4 Qxc2 18. Nxe4 Qxe4 0-1

[Event "Ostersund Jamt Cup"]
[Site "Ostersund"]
[Date "2019.12.26"]
[Round "3"]
[White "Sundell, Bo"]
[Black "Puleshi, Denis"]
[Result "1/2-1/2"]
[WhiteElo "2165"]
[BlackElo "1994"]
[PlyCount "70"]
[EventDate "2019.12.26"]
[EventType "swiss"]
[EventRounds "7"]
[EventCountry "SWE"]
[SourceTitle "CBM 194 Extra"]
[Source "ChessBase"]
[SourceDate "2020.03.31"]
[SourceVersion "1"]
[SourceVersionDate "2020.03.31"]
[SourceQuality "1"]

1. e4 e6 2. d3 d5 3. Nd2 c5 4. Ngf3 Nf6 5. g3 Be7 6. Bg2 0-0 7. 0-0 Nc6 8. Re1 b6 9. h4 Bb7 10. e5 Nd7 11. Nf1 Rc8 12. N1h2 Nd4 13. Bg5 h6 14. Bxe7 Qxe7 15. c3 Nxf3+ 16. Nxf3 f6 17. exf6 Rxf6 18. Ne5 Rcf8 19. f4 Qd6 20. Qe2 Bc8 21. Nxd7 Bxd7 22. Qe5 Qxe5 23. Rxe5 Rf5 24. Rae1 Rxe5 25. Rxe5 Rf6 26. Kf2 Kf8 27. Ke3 Bc6 28. d4 Ke7 29. g4 Kd6 30. g5 Rf5 31. Bh3 Rxe5+ 32. fxe5+ Ke7 33. Kf4 Be8 34. gxh6 gxh6 35. Bg4 Bf7 1/2-1/2